| 000 | 00873nam a22001937a 4500 | ||
|---|---|---|---|
| 999 |
_c9835 _d9835 |
||
| 003 | AR-CdUCM | ||
| 008 | 190328b ||||| |||| 00| 0 spa d | ||
| 040 |
_aMUNICIPALIDAD PROVINCIAL DEL CUSCO _cBIBLIOTECA MUNICIPAL DEL CUSCO |
||
| 082 |
_29ed. _a570.2 / _bOC31 / 1950 |
||
| 100 |
_aOchoterena, Isaac _926313 |
||
| 245 | _aTratado elemental de biología / | ||
| 260 |
_aMéxico : _bEdiciones Botas, _c1950. |
||
| 300 |
_a428 páginas ; _c20 cm. |
||
| 500 | _aTapa parcialmente desprendida. | ||
| 505 | _aContenido : Objeto de la biologia -- Concepto histórico de la célula. Teoría celular -- El origen de la vida -- La célula -- Metabolismo, crecimiento y reproducción de las celulas -- Conceptos fundamentales acerca de la constitución físico-química de la materia organizada ... | ||
| 650 |
_aBiología _9881 |
||
| 942 |
_2ddc _cLIBROS |
||
| 945 |
_apjha _d2019-05-13 |
||